Come combattere Satana (Camminando nella luce) /

সংরক্ষণ করুন:
গ্রন্থ-পঞ্জীর বিবরন
প্রধান লেখক: Ross Fitch, Ann
অন্যান্য লেখক: De Grandis, Paul Robert
বিন্যাস: গ্রন্থ
প্রকাশিত: S. Michele
ট্যাগগুলো: ট্যাগ যুক্ত করুন
কোনো ট্যাগ নেই, প্রথমজন হিসাবে ট্যাগ করুন!

MARC

LEADER 00000nam a22000007i 4500
001 R-93
003 CODICE-MESSINA
005 20260223154738.0
008 170310s1995 it |||||| ||||| |||||c
040 |c importazione_messina 
100 |a Ross Fitch, Ann 
245 0 |a Come combattere Satana (Camminando nella luce) /  |c Ann Rose Fitch e P. Paul Robert De Grandis S.S.J. 
260 |b S. Michele 
700 |a De Grandis, Paul Robert 
942 |2 ddc  |c BK 
952 |0 0  |1 0  |2 ddc  |4 0  |6 SCAFFALE_1_000000000000000__RELIGIONE  |7 0  |9 30910  |a ME  |b ME  |d 2026-02-11  |l 0  |o SCAFFALE 1 - RELIGIONE  |p R-93  |r 2026-02-11 23:52:12  |w 2026-02-11  |x [REVISIONARE]  |y BK 
999 |c 26574  |d 26574